Представление документа в формате MARC21

Поле Инд. ПП Название Значение
Тип записи a
Библиографический уровень a
001 Контрольный номер 383edf9badb14e0ea9094bbe6398a600
005 Дата корректировки 20170301132151.3
020 a ISBN 5-02-010266-0
040 a Служба первич. каталог. НБ ТвГУ
b Код языка каталог. rus
e Правила каталог. PSBO
041 0_ a Код языка текста rus
097 b Оператор novikova
100 1_ a Автор Павлова Анастасия Николаевна
q Полное имя Павлова А. Н.
245 10 a Заглавие Улоф Пальме и формирование политики равноправия полов в Швеции
260 a Место издания Москва
b Издательство Наука
504 a Библиография Библиогр.: с. 184-186 (70 назв.)
520 0_ a Аннотация Задача данного исследования - ответить на вопрос: является Улоф Пальме традиционным или радикальным политиком в вопросе равноправия полов?
653 0_ a Ключевые слова Пальме Улоф
a Ключевые слова Равноправие полов
a Ключевые слова Швеция, страна
a Ключевые слова Политика равноправия полов
773 18 w Контрольный № источника RU/IS/BASE/318428191
t Название источника Северная Европа
d Место и дата издания Москва : Наука, 2005
g Прочая информация Вып. 5. - С. 167-186
901 t Тип документа a
920 a Оператор Нови